000 01105cad a22002415a 4500
001 E148119
008 090730s2009 xxkad f s 000 0 eng d
035 _a(Sirsi) u148119
041 0 _aeng
050 0 4 _a333.33 $2 18
110 2 _aRoyal Institution of Chartered Surveyors
_bEconomics
_95033
245 0 0 _aRICS global commercial property survey United Kingdom
_bQ2 2009
_h[electronic resource]
260 _aLondon
_bRICS
_c2009
490 0 _aRICS Global Commercial Property Survey United Kingdom
_vQ2 2009
520 _aReports that capital values still falling but at a lesser pace, and tenant demand remains in negative territory. There is no expectation of near term improvement in rents, and prices are projected to fall further in most markets.
521 _aAdvanced
590 _aKA
650 2 4 _aRICS GLOBAL COMMERCIAL PROPERTY SURVEY
651 4 _aInternational
690 _aPROPERTY-COMMERCIAL PROPERTY-COMMERCIAL PROPERTY MARKET
856 4 0 _uhttps://www.rics.org/site/download_feed.aspx?fileID=3692&fileExtension=PDF
_zView the survey free of charge at www.rics.org
942 _n0
999 _c109890
_d109890